| 000 | 01486nam a2200361 i 4500 | ||
|---|---|---|---|
| 003 | EG-GICUC | ||
| 005 | 20260507101221.0 | ||
| 008 | 260426s2010 fr |||fr|| d 00| 0 fre d | ||
| 020 | _a978-2247-10-269-3 | ||
| 040 |
_aEG-GiCUC _bfre _cEG-GiCUC _dEG-GiCUC _eRda |
||
| 041 | 0 | _afre | |
| 082 | 0 | 4 |
_221 _a343.9 _bLE |
| 092 | 0 | 4 | _221 |
| 099 | _aLaw1 10 343.9 LE 9 ed - 2010 | ||
| 245 | 1 | 0 |
_aLexique des termes juridiques : _bfrançais – arabe – anglais, suivi d’un index anglais et d’un index arabe / _c traduction du texte français par Isabelle Ganem ; conception méthodologique par Christine Balah ; révision et vocalisation du texte arabe par Émilie Ganem. |
| 250 | _aNinth edition | ||
| 264 | 1 |
_aParis : _bHachette Antoine S.A.L., _c2010. |
|
| 300 |
_a1563 page ; _c 24 cm. _billustration ; |
||
| 336 |
_2rda contenu _a texte |
||
| 337 |
_2rda medias _aOrdinateur |
||
| 338 |
_2 transporteur rda _a Ressource en ligne |
||
| 500 | _aPublié en coopération avec le Ministère de la Culture français – Centre national du livre. | ||
| 504 | _aComprend des références bibliographiques et un index. | ||
| 546 | _aTexte bilingue (français -anglais)) | ||
| 650 | 1 | 4 |
_aCriminal Law _2qrmak |
| 651 | 1 | _2qrmak | |
| 700 | 1 |
_aGanem, Isabelle _eContributeur |
|
| 700 | 1 |
_aBalah, Christine _eTraducteur |
|
| 700 | 1 |
_aGanem, Émilie _eContributeur |
|
| 856 | 4 | 0 | _uhttps://fll.law.cu.edu.eg/fulltext/bks/B10-10553.pdf |
| 905 | _a74 | ||
| 942 |
_2ddc _n0 _cBK _e21 |
||
| 999 |
_c73404 _d73404 |
||